| 000 | 00440nam a2200169Ia 4500 | ||
|---|---|---|---|
| 008 | 131103s9999 xx 000 0 und d | ||
| 040 | _aLoreto College | ||
| 041 | _aEnglish | ||
| 082 |
_a824.7/HUN/824.77/HUN _bLCLIB/2228 |
||
| 100 | _aHunt,Leigh | ||
| 245 |
_aSelected essays _cLeigh Hunt |
||
| 260 |
_aLondon _bJ.M.Dent _c1947 |
||
| 300 |
_axiv,360 p.[8] _c 18 cm. |
||
| 700 | _aRhy,Ernest,series ed. | ||
| 850 | _aLCLIB | ||
| 942 | _cBK | ||
| 999 |
_c5037 _d55516 |
||